000 004740000a22001810004500
003 LK-CoMWRAF
005 20230908233138.0
008 230817t ||||| |||| 00| 0 eng d
040 _aLK-CoMWRAF
_dLK-CoMWRAF
_eLK-CoMWRAF
041 _aeng
082 _a823
_bZOY
100 _aZoysa, Lucien De
245 _aStories from the culavamsa and other historical tales
260 _aSri Lanka :
_bMarga,
300 _a67p
650 _aEnglish Fiction-Sri Lanka
942 _cBK
999 _c1223
_d1223